000 00219 a2200097 4500
001 45598
100 _aHerrlot, J
245 _aJane's herroit
260 _aLondon
_bReader,s digest assocation
_c
090 _c28762
_d28762
942 _aNUST-CAE
_cM
_c20849
999 _c280671
_d280671